<?xml version="1.0" encoding="UTF-8"?>
<collection xmlns="http://www.loc.gov/MARC21/slim">
 <record>
  <leader>02038nam a2200205Ia 4500</leader>
  <controlfield tag="001">CTU_112960</controlfield>
  <controlfield tag="008">210402s9999    xx            000 0 und d</controlfield>
  <datafield tag="020" ind1=" " ind2=" ">
   <subfield code="c">547000</subfield>
  </datafield>
  <datafield tag="082" ind1=" " ind2=" ">
   <subfield code="a">808.066</subfield>
  </datafield>
  <datafield tag="082" ind1=" " ind2=" ">
   <subfield code="b">R975</subfield>
  </datafield>
  <datafield tag="100" ind1=" " ind2=" ">
   <subfield code="a">Rutherfoord, Andrea J.</subfield>
  </datafield>
  <datafield tag="245" ind1=" " ind2="0">
   <subfield code="a">Basic communication skills for technology</subfield>
  </datafield>
  <datafield tag="245" ind1=" " ind2="0">
   <subfield code="c">Andrea J. Rutherfoord</subfield>
  </datafield>
  <datafield tag="260" ind1=" " ind2=" ">
   <subfield code="a">Upper Saddle River, New Jersey</subfield>
  </datafield>
  <datafield tag="260" ind1=" " ind2=" ">
   <subfield code="b">Prentice Hall</subfield>
  </datafield>
  <datafield tag="260" ind1=" " ind2=" ">
   <subfield code="c">c2001</subfield>
  </datafield>
  <datafield tag="520" ind1=" " ind2=" ">
   <subfield code="a">This provides practical applications of writing in vocational/technical fields. Presenting clear, simplified explanations of key concepts and skills in written communication, Rutherfoord's guide covers the writing process in a systems approach that integrates reading, planning, writing, and revising. This books highlights: *Fourteen technical reading passages that introduce or demonstrate each writing topic *Integration of reading, writing, spelling, word usage, and vocabulary exercises and assignments in each chapter. *Complete and independent grammar and mechanics units for flexible planning and individualized study. *Exercises and models using common technical vocabulary and concepts. *Explanations of concepts in language that is easy to understand and apply. This book is designed to help readers gain a working knowledge of all the major skills for career-related communication, including e-mail, graphics, reports, business correspondence, presentations, job interviews, and resumes.New in this edition: *Updated reading passages to reflect current communication needs and practices *Updated writing topics to reflect current trends in writing, including the use of e-mail; desktop publishing, and the Internet. *Updated chapter on report-writing (with sample reports) that introduces three common business/technical documents: the descriptive report, lab report, and proposal. *New assignments that require use of the Internet for research and communication.</subfield>
  </datafield>
  <datafield tag="650" ind1=" " ind2=" ">
   <subfield code="a">Technical writing</subfield>
  </datafield>
  <datafield tag="904" ind1=" " ind2=" ">
   <subfield code="i">Hiếu</subfield>
  </datafield>
  <datafield tag="980" ind1=" " ind2=" ">
   <subfield code="a">Trung tâm Học liệu Trường Đại học Cần Thơ</subfield>
  </datafield>
 </record>
</collection>
